000 00973nam a2200301 i 4500
001 7852
003 KOSZ 005
005 20191015090543.0
008 961010s1965 gea e |000 0 ger d
040 _cKOSZ 005
_aKOSZ 005
_dKOSZ 005/HR
046 _k1965
080 _a51
080 _a(03)
245 0 _aKleine Encyklopädie - Mathematik /
_c[heraugegeber W. Gellert et al.]
260 _aLeipzig :
_bVEB Verlag Enzyklopädie,
_c1967.
300 _a837 stron, 72 karty tablic :
_bilustracje,
_c22 cm
336 _2rdacontent
_aTekst
_btxt
337 _2rdamedia
_aBez uyrządzenia pośredniczącego
_bn
338 _2rdacarrier
_aWolumin
_bnc
380 _aKsiążki
380 _aPublikacje informacyjne
388 _a1901-2000
650 7 _aMatematyka
655 7 _aEncyklopedia
700 1 _aGellert, W.
_eRedakcja
856 _uhttp://koha.tu.koszalin.pl/cgi-bin/koha/opac-detail.pl?biblionumber=7852
_yKatalog online BPK
942 _cKS
_2UKD
999 _c7852
_d7852